[Event "Bundesliga 2022-23"]
[Site "Dresden GER"]
[Date "2022.11.27"]
[Round "4.7"]
[Board "6"]
[White "Lampert, Jonas"]
[Black "Maiwald, Jens-Uwe"]
[Result "1/2-1/2"]
[WhiteTitle "GM"]
[BlackTitle "GM"]
[WhiteElo "2537"]
[BlackElo "2441"]
[WhiteTeam "Hamburger SK"]
[BlackTeam "USV TU Dresden"]
[WhiteFideId "1303759"]
[BlackFideId "4612396"]
[EventDate "2022.10.22"]

1. d4 d6 2. e4 Nf6 3. Nc3 e5 4. Nf3 Nbd7 5. Bc4 Be7 6. a4 O-O 7. O-O c6 8. Re1
a5 9. h3 Nb6 10. Ba2 Nfd7 11. Be3 exd4 12. Qxd4 Nc5 13. Rad1 Be6 14. Bxe6 fxe6
15. e5 d5 16. Qg4 Qe8 17. Nd4 Qf7 18. b3 Nbd7 19. f4 Qg6 20. Qe2 Rae8 21. g4 Bd8
22. Bc1 h5 23. Kh1 hxg4 24. hxg4 b5 25. axb5 cxb5 26. Ndxb5 Bh4 27. Rg1 Qh7 28.
Kg2 g5 29. Rdf1 gxf4 30. Bxf4 Re7 31. Bh2 Rg7 32. Rxf8+ Nxf8 33. Kh1 Rf7 34. Rg2
Ng6 35. Nd6 Rf8 36. Qb5 Nxe5 37. Qxc5 Rf1+ 38. Rg1 Rxg1+ 39. Kxg1 Nf3+ 40. Kh1
Be7 41. Qc8+ Kg7 42. Nf5+ exf5 43. Qc7 Qh4 44. Qg3 Qxg3 45. Bxg3 fxg4 46. Nxd5
Kf7 47. Ne3 Bg5 48. Nxg4 Nd4 49. Be1 Nxc2 50. Bxa5 Nd4 51. Kg2 Nxb3 52. Bc3 1/2-1/2

[Event "Bundesliga 2022-23"]
[Site "Dresden GER"]
[Date "2022.11.27"]
[Round "4.7"]
[Board "7"]
[White "Boensch, Uwe"]
[Black "Ftacnik, Lubomir"]
[Result "1/2-1/2"]
[WhiteTitle "GM"]
[BlackTitle "GM"]
[WhiteElo "2466"]
[BlackElo "2462"]
[WhiteTeam "USV TU Dresden"]
[BlackTeam "Hamburger SK"]
[WhiteFideId "4611268"]
[BlackFideId "14900017"]
[EventDate "2022.10.22"]

1. d4 Nf6 2. c4 g6 3. Nc3 d5 4. cxd5 Nxd5 5. Bd2 Bg7 6. e4 Nxc3 7. Bxc3 O-O 8.
Qd2 c5 9. d5 e6 10. Bc4 exd5 11. Bxd5 Nd7 12. Ne2 Nf6 13. O-O Be6 14. Rfd1 Bxd5
15. exd5 Qd6 16. Ng3 Rad8 17. Qc2 Nxd5 18. Ne4 Qc6 19. Bxg7 Kxg7 20. Qxc5 Qxc5
21. Nxc5 b6 22. Nd3 Rfe8 1/2-1/2

[Event "Bundesliga 2022-23"]
[Site "Dresden GER"]
[Date "2022.11.27"]
[Round "4.7"]
[Board "8"]
[White "Heinemann, Thies"]
[Black "Tischbierek, Raj"]
[Result "1/2-1/2"]
[WhiteTitle "GM"]
[BlackTitle "GM"]
[WhiteElo "2484"]
[BlackElo "2423"]
[WhiteTeam "Hamburger SK"]
[BlackTeam "USV TU Dresden"]
[WhiteFideId "4601556"]
[BlackFideId "4611322"]
[EventDate "2022.10.22"]

1. e4 c5 2. Nf3 e6 3. g3 Nc6 4. Bg2 Nf6 5. Qe2 e5 6. O-O Be7 7. c3 O-O 8. Rd1 d5
9. exd5 Qxd5 10. d3 Bf5 11. Nh4 Bg4 12. Qxg4 Qxg2+ 13. Nxg2 Nxg4 14. f3 Nf6 15.
a4 Rfd8 16. Na3 Rd7 17. Nc4 Rad8 18. Ne1 Nd5 19. Kf2 Nb6 20. Nxb6 axb6 21. b3 f5
22. Ke2 Bf6 23. Bd2 h5 24. Rac1 Kf7 25. Be3 g5 26. h3 f4 27. Bf2 Ne7 28. g4 Nd5
29. c4 Nb4 30. a5 bxa5 31. Bxc5 Nc6 32. Nc2 Be7 33. Bf2 b6 34. Bxb6 Rb8 35. Bf2
Rxb3 36. Ra1 Rb2 37. Rd2 Bf6 38. Ra3 Kg6 39. Ne1 Rxd2+ 40. Kxd2 Be7 41. Ra1 hxg4
42. hxg4 Bb4+ 43. Ke2 Bxe1 44. Bxe1 Nd4+ 45. Kf2 Rh7 46. Rxa5 Rh2+ 47. Kf1 Nxf3
48. Bf2 Nd2+ 49. Kg1 Nf3+ 50. Kf1 Nd2+ 51. Kg1 1/2-1/2

[Event "Bundesliga 2022-23"]
[Site "Dresden GER"]
[Date "2022.11.27"]
[Round "4.8"]
[Board "1"]
[White "Schroeder, Jan-Christian"]
[Black "Esipenko, Andrey"]
[Result "0-1"]
[WhiteTitle "GM"]
[BlackTitle "GM"]
[WhiteElo "2544"]
[BlackElo "2668"]
[WhiteTeam "SF Berlin"]
[BlackTeam "SK Doppelbauer Turm Kiel"]
[WhiteFideId "24662259"]
[BlackFideId "24175439"]
[EventDate "2022.10.22"]

1. e4 c6 2. d4 d5 3. e5 c5 4. dxc5 e6 5. Nf3 Bxc5 6. a3 Nd7 7. Bd3 f6 8. b4 Be7
9. Bb2 a5 10. O-O axb4 11. axb4 Rxa1 12. Bxa1 Bxb4 13. Nh4 Nh6 14. Qh5+ Nf7 15.
Qg4 Be7 16. Nf3 fxe5 17. Bb5 O-O 18. Bxd7 Bxd7 19. Nxe5 Nxe5 20. Bxe5 Bf6 21.
Qg3 Bxe5 22. Qxe5 Qf6 23. Qe3 Qf4 24. Qe2 Rc8 25. c3 b5 26. h3 h6 27. Rd1 Rc4
28. Qd3 Qe5 29. Qf1 Ra4 30. Qd3 Ra1 31. Qc2 Qc7 32. Rd4 Be8 33. Rd1 Qc4 34. Re1
d4 35. Qb2 Ra2 36. Qc1 Bg6 37. Na3 Qb3 0-1

[Event "Bundesliga 2022-23"]
[Site "Dresden GER"]
[Date "2022.11.27"]
[Round "4.8"]
[Board "2"]
[White "Lupulescu, Constantin"]
[Black "Tomczak, Jacek"]
[Result "1/2-1/2"]
[WhiteTitle "GM"]
[BlackTitle "GM"]
[WhiteElo "2603"]
[BlackElo "2595"]
[WhiteTeam "SK Doppelbauer Turm Kiel"]
[BlackTeam "SF Berlin"]
[WhiteFideId "1207822"]
[BlackFideId "1124668"]
[EventDate "2022.10.22"]

1. Nf3 c5 2. c4 Nf6 3. Nc3 d5 4. cxd5 Nxd5 5. e3 e6 6. Nxd5 Qxd5 7. b3 Be7 8.
Bb2 O-O 9. Qc2 Rd8 10. Bc4 Qh5 11. Qe4 Nc6 12. g4 Qg6 13. Qxg6 hxg6 14. h4 Bf6
15. Bxf6 gxf6 16. g5 Kg7 17. Ke2 Rh8 18. Rag1 b6 19. h5 Rxh5 20. Rxh5 gxh5 21.
gxf6+ 1/2-1/2

[Event "Bundesliga 2022-23"]
[Site "Dresden GER"]
[Date "2022.11.27"]
[Round "4.8"]
[Board "3"]
[White "Kraemer, Martin"]
[Black "Bjerre, Jonas Buhl"]
[Result "1-0"]
[WhiteTitle "GM"]
[BlackTitle "GM"]
[WhiteElo "2579"]
[BlackElo "2612"]
[WhiteTeam "SF Berlin"]
[BlackTeam "SK Doppelbauer Turm Kiel"]
[WhiteFideId "4671910"]
[BlackFideId "1444948"]
[EventDate "2022.10.22"]

1. e4 c5 2. Nf3 d6 3. d4 cxd4 4. Nxd4 Nf6 5. Nc3 a6 6. Bg5 Nbd7 7. Qe2 e6 8. f4
Qc7 9. O-O-O b5 10. a3 Be7 11. g4 Bb7 12. Bxf6 Bxf6 13. g5 Bxd4 14. Rxd4 e5 15.
fxe5 Nxe5 16. Qd1 O-O 17. h4 f5 18. Bh3 fxe4 19. Be6+ Kh8 20. Bd5 e3 21. Rh3 Rf2
22. Rxe3 Raf8 23. Re2 Rf1 24. Re1 Rxe1 25. Qxe1 Qc5 26. Rd1 Bxd5 27. Rxd5 Qb6
28. Rd1 a5 29. Qd2 b4 30. axb4 Nc4 31. Nd5 Qa6 32. Qd4 axb4 33. b3 Ne5 34. Nxb4
Qa3+ 35. Kb1 Ra8 36. Qc3 Qa7 37. h5 Qe7 38. Qd4 Qxg5 39. Qxd6 h6 40. Qd5 Re8 41.
Re1 Re7 42. Qa8+ Kh7 43. Qe4+ Kh8 44. Nd5 Re8 45. Nf4 Re7 46. Qd5 Kh7 47. Ne6 1-0

[Event "Bundesliga 2022-23"]
[Site "Dresden GER"]
[Date "2022.11.27"]
[Round "4.8"]
[Board "4"]
[White "Dziuba, Marcin"]
[Black "Baldauf, Marco"]
[Result "0-1"]
[WhiteTitle "GM"]
[BlackTitle "GM"]
[WhiteElo "2569"]
[BlackElo "2506"]
[WhiteTeam "SK Doppelbauer Turm Kiel"]
[BlackTeam "SF Berlin"]
[WhiteFideId "1112953"]
[BlackFideId "4688210"]
[EventDate "2022.10.22"]

1. d4 d5 2. c4 e6 3. Nf3 Nf6 4. Nc3 Be7 5. g3 O-O 6. Bg2 dxc4 7. O-O Nc6 8. Bg5
a6 9. e3 Bd7 10. Qe2 b5 11. Rfc1 Rb8 12. b3 Na5 13. Nd2 b4 14. Bxf6 gxf6 15.
Qg4+ Kh8 16. Ne2 c3 17. Nf3 c5 18. dxc5 Bxc5 19. Rd1 Qe7 20. Nf4 f5 21. Qh5 Be8
22. Nd4 Rd8 23. Qh6 Rg8 24. Bf1 Rd6 25. Qh5 Qf6 26. Nc2 Rxd1 27. Rxd1 Nc6 28.
Bxa6 Ne5 29. Nd3 Nxd3 30. Bxd3 Bc6 31. Qe2 Qe5 32. Bb5 Bd5 33. Bc4 Ba8 34. Kf1
Qe4 35. Ke1 Qh1+ 36. Qf1 Qxh2 37. Ke2 Rxg3 38. Rd8+ Rg8 39. Rxg8+ Kxg8 40. a4
Bg2 41. Qa1 Qh5+ 42. Ke1 Qh1+ 43. Ke2 Bf3+ 44. Kd3 Be4+ 45. Ke2 Qf3+ 0-1

[Event "Bundesliga 2022-23"]
[Site "Dresden GER"]
[Date "2022.11.27"]
[Round "4.8"]
[Board "5"]
[White "Blohberger, Felix"]
[Black "Gavrilescu, David"]
[Result "1/2-1/2"]
[WhiteTitle "GM"]
[BlackTitle "IM"]
[WhiteElo "2493"]
[BlackElo "2523"]
[WhiteTeam "SF Berlin"]
[BlackTeam "SK Doppelbauer Turm Kiel"]
[WhiteFideId "1632051"]
[BlackFideId "1227190"]
[EventDate "2022.10.22"]

1. Nf3 d5 2. g3 Nf6 3. Bg2 e6 4. O-O Be7 5. c4 O-O 6. b3 b6 7. Bb2 Bb7 8. cxd5
Nxd5 9. d4 Nd7 10. Re1 c5 11. e4 N5f6 12. Nc3 cxd4 13. Nxd4 Bc5 14. Re2 Ne5 15.
Rd2 Qe7 16. Qe2 Rfd8 17. Rad1 Rd7 18. h3 Rad8 19. Nc2 Rxd2 20. Rxd2 Rxd2 21.
Qxd2 Qd7 22. Qxd7 Nfxd7 23. Bc1 Ba6 24. Be3 Bxe3 1/2-1/2

[Event "Bundesliga 2022-23"]
[Site "Dresden GER"]
[Date "2022.11.27"]
[Round "4.8"]
[Board "6"]
[White "Meshkovs, Nikita"]
[Black "Kaasen, Tor Fredrik"]
[Result "1/2-1/2"]
[WhiteTitle "GM"]
[BlackTitle "IM"]
[WhiteElo "2566"]
[BlackElo "2445"]
[WhiteTeam "SK Doppelbauer Turm Kiel"]
[BlackTeam "SF Berlin"]
[WhiteFideId "11602740"]
[BlackFideId "1516647"]
[EventDate "2022.10.22"]

1. Nf3 d5 2. c4 e6 3. d4 Nf6 4. g3 Bb4+ 5. Bd2 Be7 6. Bg2 O-O 7. O-O Nbd7 8. Qc2
c6 9. Bf4 b6 10. Rc1 Bb7 11. cxd5 cxd5 12. Bc7 Qe8 13. Qb3 Ne4 14. Nc3 Nb8 15.
Bxb8 Nxc3 16. Rxc3 Rxb8 17. Rac1 Ba6 18. R3c2 Bb5 19. Qe3 Bd6 20. Ne5 Qe7 21.
Qb3 Bd7 22. Nxd7 Qxd7 23. Bh3 Qb7 24. Kg2 Rfd8 25. e3 g6 26. Bg4 Kf8 27. Be2
Rbc8 28. Qa4 Rxc2 29. Rxc2 h5 30. h4 Qe7 31. Rc1 Kg7 32. a3 Bb8 33. Qb5 Qf6 34.
Qc6 Qe7 35. Ba6 e5 36. Bd3 exd4 37. exd4 Rd6 38. Qc8 Rd8 39. Qc6 Rd6 40. Qc8 Rd8
41. Qc6 1/2-1/2

[Event "Bundesliga 2022-23"]
[Site "Dresden GER"]
[Date "2022.11.27"]
[Round "4.8"]
[Board "7"]
[White "Schmidek, Emil"]
[Black "Thybo, Jesper Sondergaard"]
[Result "1-0"]
[WhiteTitle "IM"]
[BlackTitle "GM"]
[WhiteElo "2414"]
[BlackElo "2498"]
[WhiteTeam "SF Berlin"]
[BlackTeam "SK Doppelbauer Turm Kiel"]
[WhiteFideId "12908150"]
[BlackFideId "1438832"]
[EventDate "2022.10.22"]

1. d4 Nf6 2. c4 g6 3. Nc3 d5 4. cxd5 Nxd5 5. e4 Nxc3 6. bxc3 Bg7 7. Nf3 c5 8.
Rb1 O-O 9. Be2 Bg4 10. O-O cxd4 11. cxd4 Bxf3 12. Bxf3 Bxd4 13. Rxb7 Nc6 14. Qa4
Qc8 15. Rb3 Qe6 16. e5 Rac8 17. Bxc6 Qxc6 18. Qxd4 Qxc1 19. Rb7 e6 20. Rxa7 Qc5
21. Qxc5 Rxc5 22. f4 Rd8 23. g3 Rd2 24. Rf2 Rcc2 25. Rxd2 Rxd2 26. a4 Ra2 27. a5
h6 28. a6 g5 29. fxg5 hxg5 30. h4 gxh4 31. gxh4 Kg7 32. Ra8 f6 33. Ra7+ Kg6 34.
h5+ Kxh5 35. Ra8 Kg4 36. exf6 1-0

[Event "Bundesliga 2022-23"]
[Site "Dresden GER"]
[Date "2022.11.27"]
[Round "4.8"]
[Board "8"]
[White "Pajeken, Jakob Leon"]
[Black "Morgunov, Marc"]
[Result "1-0"]
[WhiteTitle "IM"]
[BlackTitle "FM"]
[WhiteElo "2461"]
[BlackElo "2417"]
[WhiteTeam "SK Doppelbauer Turm Kiel"]
[BlackTeam "SF Berlin"]
[WhiteFideId "12942839"]
[BlackFideId "1640305"]
[EventDate "2022.10.22"]

1. e4 c5 2. Nf3 d6 3. d4 cxd4 4. Nxd4 Nf6 5. Nc3 Nc6 6. Bg5 Bd7 7. Qd2 a6 8.
O-O-O e6 9. Kb1 b5 10. Nxc6 Bxc6 11. f3 Be7 12. h4 h6 13. Be3 d5 14. e5 Nd7 15.
f4 b4 16. Ne2 Qc7 17. Nd4 a5 18. f5 Nc5 19. Bd3 Ne4 20. Bxe4 dxe4 21. fxe6 fxe6
22. Qe2 O-O-O 23. Qa6+ Bb7 24. Qxe6+ Qd7 25. Qb6 Qd5 26. Nb5 Qxd1+ 27. Bc1 Qd7
28. e6 Qxb5 29. Qxb5 Rhf8 30. Qxa5 Rd5 31. Qa4 Rfd8 32. Re1 Re5 33. Qb3 Bd5 34.
Qg3 Bf6 35. Bd2 Bxe6 36. Bxb4 Red5 37. c4 Rd4 38. Bc3 Rxc4 39. Bxf6 gxf6 40. Qg6
e3 41. Qxf6 Bg8 42. Qa6+ Kb8 43. Qb6+ 1-0

[Event "Bundesliga 2022-23"]
[Site "Hamburg GER"]
[Date "2023.02.03"]
[Round "7.1"]
[Board "1"]
[White "Esipenko, Andrey"]
[Black "Nihal, Sarin"]
[Result "1/2-1/2"]
[WhiteTitle "GM"]
[BlackTitle "GM"]
[WhiteElo "2668"]
[BlackElo "2673"]
[WhiteTeam "SK Doppelbauer Turm Kiel"]
[BlackTeam "Hamburger SK"]
[WhiteFideId "24175439"]
[BlackFideId "25092340"]
[EventDate "2022.10.22"]

1. e4 c5 2. Nf3 d6 3. Bb5+ Nd7 4. O-O a6 5. Be2 Ngf6 6. d3 e6 7. a4 b6 8. c4 Bb7
9. Qb3 Rb8 10. Bd2 Be7 11. a5 b5 12. cxb5 axb5 13. Qxb5 Bxe4 14. Qa4 Ba8 15. b4
cxb4 16. Bxb4 Nd5 17. Bd2 O-O 18. d4 N7f6 19. Nc3 Rb2 20. Nd1 Rb8 21. Nc3 Rb2
22. Nd1 Rb8 23. Nc3 1/2-1/2

[Event "Bundesliga 2022-23"]
[Site "Hamburg GER"]
[Date "2023.02.03"]
[Round "7.1"]
[Board "2"]
[White "Svane, Rasmus"]
[Black "Cheparinov, Ivan"]
[Result "1/2-1/2"]
[WhiteTitle "GM"]
[BlackTitle "GM"]
[WhiteElo "2615"]
[BlackElo "2689"]
[WhiteTeam "Hamburger SK"]
[BlackTeam "SK Doppelbauer Turm Kiel"]
[WhiteFideId "4657101"]
[BlackFideId "2905540"]
[EventDate "2022.10.22"]

1. c4 Nf6 2. Nc3 g6 3. Nf3 Bg7 4. e4 d6 5. d4 O-O 6. Be2 e5 7. O-O h6 8. Rb1
Nbd7 9. Re1 Re8 10. d5 Nc5 11. Nd2 a5 12. b3 h5 13. a3 Bh6 14. Qc2 Bd7 15. b4
axb4 16. axb4 Na4 17. Nb5 Bxb5 18. cxb5 Nb6 19. Nb3 Bxc1 20. Rexc1 Re7 21. Na5
Rb8 22. Rb3 Rd7 23. h4 Ne8 24. g3 Qe7 25. Bf1 Qf8 26. Bh3 Re7 27. Rc3 Qh6 28.
Qd3 Kg7 29. Kh2 Na4 30. R3c2 Nb6 31. Rc3 Na4 32. R3c2 Nb6 33. Nb3 Ra8 34. Nd2
Ra4 35. Qb3 Nf6 36. Qb2 Qh8 37. Rxc7 Rxc7 38. Rxc7 Qb8 39. Rc2 Qa7 1/2-1/2

[Event "Bundesliga 2022-23"]
[Site "Hamburg GER"]
[Date "2023.02.03"]
[Round "7.1"]
[Board "3"]
[White "Demchenko, Anton"]
[Black "Mendonca, Leon Luke"]
[Result "1/2-1/2"]
[WhiteTitle "GM"]
[BlackTitle "GM"]
[WhiteElo "2645"]
[BlackElo "2558"]
[WhiteTeam "SK Doppelbauer Turm Kiel"]
[BlackTeam "Hamburger SK"]
[WhiteFideId "4160258"]
[BlackFideId "35028561"]
[EventDate "2022.10.22"]

1. e4 c6 2. d4 d5 3. Nd2 dxe4 4. Nxe4 Bf5 5. Ng3 Bg6 6. N1e2 Nf6 7. h4 h6 8. Nf4
Bh7 9. c3 e6 10. Ngh5 Nbd7 11. Bd3 Bxd3 12. Nxd3 Qa5 13. Nxf6+ Nxf6 14. Qf3 Bd6
15. Bd2 Qd5 16. Qxd5 exd5 17. f3 O-O 18. Kf2 Rfe8 19. g4 h5 20. g5 Nd7 21. Bf4
Be7 22. Rae1 Nf8 23. Re2 f6 24. Bd2 Bd6 25. Rxe8 Rxe8 26. gxf6 gxf6 27. Bf4 Be7
28. a4 Kf7 29. a5 a6 30. b4 Ne6 31. Rb1 Bf8 32. Bg3 Ng7 33. Nc5 Bxc5 34. bxc5
Re7 35. Bd6 Rd7 36. Bf4 Nf5 37. Rh1 Re7 38. Rh2 Re8 1/2-1/2

[Event "Bundesliga 2022-23"]
[Site "Hamburg GER"]
[Date "2023.02.03"]
[Round "7.1"]
[Board "4"]
[White "Engel, Luis"]
[Black "Bjerre, Jonas Buhl"]
[Result "1/2-1/2"]
[WhiteTitle "GM"]
[BlackTitle "GM"]
[WhiteElo "2555"]
[BlackElo "2612"]
[WhiteTeam "Hamburger SK"]
[BlackTeam "SK Doppelbauer Turm Kiel"]
[WhiteFideId "12961523"]
[BlackFideId "1444948"]
[EventDate "2022.10.22"]

1. e4 c5 2. Nc3 d6 3. f4 g6 4. d4 cxd4 5. Qxd4 Nf6 6. Nf3 Bg7 7. Bd3 O-O 8. Qf2
Nbd7 9. O-O Nc5 10. Qh4 e6 11. Be3 Nh5 12. Rad1 Qxh4 13. Nxh4 b6 14. Be2 Bb7 15.
Rxd6 Nxe4 16. Nxe4 Bxe4 17. g4 Nf6 18. c4 Bb7 19. Rfd1 Ne4 20. Rd7 Bc6 21. Rc7
Rfc8 22. Rxc8+ Rxc8 23. Bd4 Rd8 24. Bxg7 Rxd1+ 25. Bxd1 Kxg7 26. Nf3 f6 27. Be2
h6 28. h4 Kf7 29. Nd4 Bd7 30. Kg2 Nc5 31. b4 Na4 32. a3 Nc3 33. Bf3 e5 34. fxe5
fxe5 35. Ne2 Nb1 36. c5 bxc5 37. bxc5 Ke7 38. g5 hxg5 39. hxg5 Bf5 40. Bb7 Nxa3
41. Nc3 a5 42. Kf3 Nc2 43. Nd5+ Kd7 44. Nb6+ Kc7 45. Bd5 Ne1+ 46. Ke3 Nd3 47.
Na8+ Kc8 48. Nb6+ Kb8 49. Be4 Nxc5 50. Bxf5 gxf5 51. g6 Ne6 52. Nd7+ Kc7 53.
Nxe5 a4 54. Kd3 Kd6 55. Nc4+ Kc5 56. Kc3 f4 57. Nb2 Kb5 58. Nxa4 Kxa4 59. Kd3
Kb5 60. Ke4 Kc6 61. g7 Nxg7 62. Kxf4 1/2-1/2

[Event "Bundesliga 2022-23"]
[Site "Hamburg GER"]
[Date "2023.02.03"]
[Round "7.1"]
[Board "5"]
[White "Yuffa, Daniil"]
[Black "Svane, Frederik"]
[Result "1-0"]
[WhiteTitle "GM"]
[BlackTitle "GM"]
[WhiteElo "2601"]
[BlackElo "2566"]
[WhiteTeam "SK Doppelbauer Turm Kiel"]
[BlackTeam "Hamburger SK"]
[WhiteFideId "24131423"]
[BlackFideId "12923044"]
[EventDate "2022.10.22"]

1. d4 Nf6 2. c4 e6 3. Nf3 d5 4. Nc3 a6 5. c5 b6 6. cxb6 cxb6 7. Bf4 Bd6 8. e3
O-O 9. Bd3 Bxf4 10. exf4 Qd6 11. Ne5 Nc6 12. O-O Bd7 13. Rc1 Rfc8 14. a3 Na5 15.
g4 Be8 16. Re1 Nc4 17. Qe2 b5 18. f5 exf5 19. Bxf5 Rd8 20. Qf3 Nxb2 21. g5 Ne4
22. Rxe4 dxe4 23. Nxe4 Qxd4 24. Nf6+ Kh8 25. Qh5 h6 26. Qxf7 Bxf7 27. Nxf7# 1-0

[Event "Bundesliga 2022-23"]
[Site "Hamburg GER"]
[Date "2023.02.03"]
[Round "7.1"]
[Board "6"]
[White "Heinemann, Thies"]
[Black "Meshkovs, Nikita"]
[Result "0-1"]
[WhiteTitle "GM"]
[BlackTitle "GM"]
[WhiteElo "2484"]
[BlackElo "2566"]
[WhiteTeam "Hamburger SK"]
[BlackTeam "SK Doppelbauer Turm Kiel"]
[WhiteFideId "4601556"]
[BlackFideId "11602740"]
[EventDate "2022.10.22"]

1. e4 c5 2. Nf3 Nc6 3. Bb5 e6 4. Bxc6 bxc6 5. b3 e5 6. O-O d6 7. c3 f5 8. exf5
Be7 9. d4 cxd4 10. cxd4 e4 11. Nfd2 Bxf5 12. f3 Nf6 13. Nxe4 O-O 14. Nbc3 Qa5
15. Be3 Nxe4 16. Nxe4 Rae8 17. Bf2 Qd5 18. Re1 Qa5 19. Bg3 Qd5 20. Rc1 h5 21.
Bf2 h4 22. Qc2 Rc8 23. Qe2 Qf7 24. Nd2 Bg5 25. Be3 Rfe8 26. Qf2 Bf6 27. Nc4 Qd5
28. h3 Re6 29. Qd2 Rf8 30. Bf2 Bxh3 31. Rxe6 Bxe6 32. Ne3 Qb5 33. d5 cxd5 34.
Ng4 Bxg4 35. fxg4 Be5 36. Bxa7 Rf4 37. Qc2 d4 38. Qg6 Qb7 39. Qe6+ Kh7 40. Bc5
Qe4 0-1

[Event "Bundesliga 2022-23"]
[Site "Hamburg GER"]
[Date "2023.02.03"]
[Round "7.1"]
[Board "7"]
[White "Teclaf, Pawel"]
[Black "Zwirs, Nico"]
[Result "1-0"]
[WhiteTitle "IM"]
[BlackTitle "IM"]
[WhiteElo "2551"]
[BlackElo "2481"]
[WhiteTeam "SK Doppelbauer Turm Kiel"]
[BlackTeam "Hamburger SK"]
[WhiteFideId "1185934"]
[BlackFideId "1036432"]
[EventDate "2022.10.22"]

1. c4 e6 2. g3 d5 3. Bg2 Nf6 4. Nf3 dxc4 5. Qa4+ Nbd7 6. Qxc4 a6 7. Qc2 c5 8.
Nc3 Qc7 9. d4 b5 10. Bf4 Qa7 11. d5 exd5 12. e4 Nh5 13. Nxd5 Nxf4 14. gxf4 Nb6
15. O-O Nxd5 16. exd5 Bd6 17. Rfe1+ Kf8 18. Ng5 Bd7 19. Re6 Bxf4 20. Nxf7 Kxf7
21. Qf5+ Kg8 22. Qxf4 Bxe6 23. dxe6 Re8 24. Rd1 Qe7 25. Rd7 Qf6 26. Qxf6 gxf6
27. Rc7 h5 28. Bc6 Rb8 29. e7 Rh7 30. Rd7 Rg7+ 31. Kf1 1-0

[Event "Bundesliga 2022-23"]
[Site "Hamburg GER"]
[Date "2023.02.03"]
[Round "7.1"]
[Board "8"]
[White "Rogozenco, Dorian"]
[Black "Thybo, Jesper Sondergaard"]
[Result "1/2-1/2"]
[WhiteTitle "GM"]
[BlackTitle "GM"]
[WhiteElo "2438"]
[BlackElo "2498"]
[WhiteTeam "Hamburger SK"]
[BlackTeam "SK Doppelbauer Turm Kiel"]
[WhiteFideId "1210319"]
[BlackFideId "1438832"]
[EventDate "2022.10.22"]

1. d4 Nf6 2. c4 e6 3. Nc3 Bb4 4. Nf3 d5 5. Bg5 dxc4 6. e4 h6 7. Bxf6 Qxf6 8.
Bxc4 c5 9. O-O cxd4 10. e5 Qd8 11. Ne4 O-O 12. Qe2 Be7 13. Rfd1 Qa5 14. a3 Rd8
15. Ng3 Nd7 16. Rxd4 b5 17. Bxb5 Rb8 18. Bd3 Bb7 19. Be4 Ba6 20. Bd3 Bb7 21. Be4
Ba6 22. Bd3 Bb7 23. Be4 1/2-1/2

[Event "Bundesliga 2022-23"]
[Site "Baden-Baden GER"]
[Date "2023.02.03"]
[Round "7.8"]
[Board "1"]
[White "Kadric, Denis"]
[Black "Rapport, Richard"]
[Result "1/2-1/2"]
[WhiteTitle "GM"]
[BlackTitle "GM"]
[WhiteElo "2561"]
[BlackElo "2754"]
[WhiteTeam "TSV Schoenaich"]
[BlackTeam "OSG Baden-Baden"]
[WhiteFideId "14403803"]
[BlackFideId "738590"]
[EventDate "2022.10.22"]

1. e4 c5 2. Ne2 d6 3. Nbc3 Nf6 4. g3 Nc6 5. Bg2 g6 6. O-O Bg7 7. d3 Rb8 8. a4 a6
9. f4 O-O 10. h3 Nd7 11. Nd5 b5 12. axb5 axb5 13. c3 Bb7 14. f5 e6 15. Ne3 Ra8
16. Rxa8 Qxa8 17. fxe6 fxe6 18. Rxf8+ Nxf8 19. Ng4 Qa1 20. Qf1 Ne5 1/2-1/2

[Event "Bundesliga 2022-23"]
[Site "Baden-Baden GER"]
[Date "2023.02.03"]
[Round "7.8"]
[Board "2"]
[White "Vachier-Lagrave, Maxime"]
[Black "Plenca, Julijan"]
[Result "1-0"]
[WhiteTitle "GM"]
[BlackTitle "IM"]
[WhiteElo "2747"]
[BlackElo "2447"]
[WhiteTeam "OSG Baden-Baden"]
[BlackTeam "TSV Schoenaich"]
[WhiteFideId "623539"]
[BlackFideId "14508044"]
[EventDate "2022.10.22"]

1. e4 e5 2. Nf3 Nc6 3. Bc4 Bc5 4. d3 Nf6 5. Nc3 h6 6. O-O d6 7. Na4 a6 8. Nxc5
dxc5 9. Be3 Qe7 10. h3 Bd7 11. a3 g5 12. Nd2 Nd4 13. c3 Ne6 14. Nf3 Nf4 15. b4
b6 16. bxc5 b5 17. Bb3 O-O-O 18. a4 b4 19. Bc4 g4 20. Bxa6+ Kb8 21. Qb3 Ka7 22.
c6+ 1-0

[Event "Bundesliga 2022-23"]
[Site "Baden-Baden GER"]
[Date "2023.02.03"]
[Round "7.8"]
[Board "3"]
[White "Krassowizkij, Jaroslaw"]
[Black "Adams, Michael"]
[Result "1-0"]
[WhiteTitle "IM"]
[BlackTitle "GM"]
[WhiteElo "2439"]
[BlackElo "2689"]
[WhiteTeam "TSV Schoenaich"]
[BlackTeam "OSG Baden-Baden"]
[WhiteFideId "1271703"]
[BlackFideId "400041"]
[EventDate "2022.10.22"]

1. e4 e5 2. Nf3 Nc6 3. Bc4 Bc5 4. c3 Nf6 5. d3 d6 6. O-O h6 7. Re1 O-O 8. h3 a5
9. Nbd2 a4 10. Bb5 Bd7 11. Nf1 Ne7 12. Bxd7 Nxd7 13. d4 Bb6 14. Qc2 Ra6 15. Be3
exd4 16. Bxd4 Bxd4 17. Nxd4 a3 18. b3 d5 19. Rad1 c5 20. Nf3 Nf6 21. Ne3 Nxe4
22. Nxd5 Nxd5 23. Qxe4 Rd6 24. Qd3 Qf6 25. c4 Rfd8 26. cxd5 Rxd5 27. Re8+ Rxe8
28. Qxd5 b6 29. g3 g6 30. Qd7 Re7 31. Qd8+ Kg7 32. Kg2 1-0